000
00303nam a22001337a 4500
008
170801b xxu||||| |||| 00| 0 eng d
020
_a
81595
041
_a
eng
080
_a
004
100
_a
32
101
_a
SHKI
245
_a
HJUMAN PROBLEMS IN TECHNOLOGICAL CHANGE
_c
SPICER, E.H
942
_2
udc
_c
BK
999
_c
22344
_d
22344